00356 a2200121 450000100060000010000170000624500540002326000140007709000170009194200230010899900190013195200840015041730 aCimhala S.J aThe technology strategy and politics of west view abPressc c25846d25846 aNUST-CAEcMc17609 c276803d276803 001040708NFICaCAEbCAEd2017-04-03l0pCAE43236r2017-04-05w2017-04-05yBK